| 000 | 00759nam a2200205 a 4500 | ||
|---|---|---|---|
| 001 | 000046114 | ||
| 005 | 20260417182716.0 | ||
| 008 | 100322s2009 dr 001 p spa d | ||
| 020 | _a9789945427905 | ||
| 040 |
_aDO-SdBNP _bspa _cBNPHU |
||
| 082 |
_aH861.508 _bF418m |
||
| 111 | 2 |
_aFestival Internacional de Poesía "Clima de Eternidad" _n(1º _d2007: 26-29 abr. _cSanto Domingo) _974176 |
|
| 245 | 1 | 0 |
_aPrograma / _cSelección y edición Pablo Reyes y León Félix Batista. |
| 260 |
_aSanto Domingo : _bSecretaría de Estado de Cultura,. |
||
| 300 |
_a[14] p. : ; _c22 cm. |
||
| 500 | _aAño del libro y la lectura | ||
| 650 | 4 |
_aPoesía hispanoamericana _xCongresos, conferencias, etc. _937952 |
|
| 650 | 0 |
_aLiteratura hispanoamericana _9318 |
|
| 049 | _aBNPD | ||
| 999 |
_c45603 _d45603 |
||